书目信息 |
| 题名: |
北理法学
|
|
| 作者: | 徐昕 , 张艳丽 主编 | |
| 分册: | 第三辑 | |
| 出版信息: | 北京 法律出版社 2013 |
|
| 页数: | 375页 | |
| 开本: | 23cm | |
| 丛书名: | ||
| 单 册: | ||
| 中图分类: | D90-53 | |
| 科图分类: | ||
| 主题词: | 法学--文集 , 法学 | |
| 电子资源: | ||
| ISBN: | 978-7-5118-5684-5 | |
| 000 | 00994nam0 2200265 450 | |
| 001 | 523 | |
| 005 | 20140905102115.10 | |
| 010 | @a978-7-5118-5684-5@dCNY48.00 | |
| 100 | @a20140227d2013 em y0chiy50 ea | |
| 101 | 0 | @achi@eeng |
| 102 | @aCN@b110000 | |
| 105 | @ay z 000yy | |
| 106 | @ar | |
| 200 | 1 | @a北理法学@ABei Li Fa Xue@h第三辑@HDi San Ji@f徐昕,张艳丽主编@FXu Xin, Zhang Yan Li Zhu Bian |
| 210 | @a北京@c法律出版社@d2013 | |
| 215 | @a375页@d23cm | |
| 312 | @a封面英文共同题名:BIT law journal | |
| 330 | @a本书分为“主题研讨”、“专题论文”两个部分,收录了《韦伯与哈贝马斯:国家危机时的法社会学与法哲学》、《“机器现在自动运转”:卡尔·施米特论霍布斯和凯尔森》、《哈贝马斯的法律商谈理论》、《统治的形式合法性与理性正当性》等论文。 | |
| 606 | 0 | @a法学@j文集 |
| 606 | 0 | @a法学 |
| 690 | @aD90-53@v5 | |
| 701 | 0 | @a徐昕@AXu Xin@c(法学)@4主编 |
| 701 | 0 | @a张艳丽@AZhang Yan Li@c(女,@f1963~)@4主编 |
| 801 | 0 | @aCN@bTANGWEI@c20140603 |
| 905 | @b0839854-56@dD90-53@e501:3@f3 | |
| 北理法学.第三辑/徐昕,张艳丽主编.-北京:法律出版社,2013 |
| 375页;23cm |
| ISBN 978-7-5118-5684-5:CNY48.00 |
| 本书分为“主题研讨”、“专题论文”两个部分,收录了《韦伯与哈贝马斯:国家危机时的法社会学与法哲学》、《“机器现在自动运转”:卡尔·施米特论霍布斯和凯尔森》、《哈贝马斯的法律商谈理论》、《统治的形式合法性与理性正当性》等论文。 |
| ● |
| 相关链接 |
|
|
|
|
正题名:北理法学
索取号:D90-53/501:3
 
预约/预借
| 序号 | 登录号 | 条形码 | 馆藏地/架位号 | 状态 | 备注 |
| 1 | 0839854 | 208398544 | 第一样本阅览室/ [索取号:D90-53/501:3] | 在馆 | |
| 2 | 0839855 | 208398553 | 第一借阅区/ [索取号:D90-53/501:3] | 在馆 | |
| 3 | 0839856 | 208398562 | 密集书库-史法系/ [索取号:D90-53/501:3] | 在馆 |